Global Policy

Detalles Bibliográficos
Formato: eBook
Lenguaje:inglés
Publicado: Hoboken: Wiley, 2010 -
Materias:
Acceso en línea:Acceso restringido

MARC

LEADER 00000nam a22000007a 4500
005 2022051901011.0
007 cr|||| ||||
008 220519c20109999gb br|w s|||| 0|||b1eng d
022 |a 1758-5899 
035 |a 36227 
040 |a vLex 
090 |c 13373  |d 13373 
245 0 0 |a Global Policy  |h [Recurso electrn̤ico] / 
256 |a Servicio en ln̕ea 
260 |a Hoboken:  |b Wiley,  |c 2010 - 
300 |a 1 recurso electrn̤ico 
310 |a Bimestral 
362 |a Nð 1-1 (Ene. 2010) - 
500 |a Global Policy is an innovative and interdisciplinary journal that will bring together world class academics and leading practitioners to analyse both public and private solutions to global problems and issues. Its focus is on understanding globally relevant risks and collective action problems; policy challenges that have global impact; and competing and converging discourses about global risks and policy responses. It will also include case studies of policy with clear lessons for other countries and regions; how policy responses, politics and institutions interrelate at the global level; and the conceptual, theoretical and methodological innovations needed to explain and develop policy in these areas. 
506 1 |a Disponible solo en los productos indicados  |d vLex Global  |d vLex Global (Academic Edition, excluding Law Schools)  |d vLex Global (U.S. Academic Edition, Law Schools)  |d vLex Global (U.S. Academic Edition, excluding Law Schools)  |d vLex Global (Academic Edition, Law Schools) 
650 0 4 |a Derecho Civil  |z Reino Unido 
650 0 4 |a Derecho Internacional  |z Reino Unido 
740 0 |a vLex Revistas (Servicio en ln̕ea) 
856 4 0 |u https://app.vlex.com/#/sources/36227  |z Acceso restringido 
942 |c REV 
999 0 |a Civil Law 
999 0 |a International Law